Micorriza

Uloženo v:
Podrobná bibliografie
Hlavní autor: González Meza, Rodrigo
Médium: Text
Vydáno: San José: MAG. Dirección General Forestal
Vydání:1
Tagy: Přidat tag
Žádné tagy, Buďte první, kdo vytvoří štítek k tomuto záznamu!

MARC

LEADER 00000 a a2200000 04500
001 15899
003
040 |a CRAI/IIS  |c CRAI/IIS 
090 |a EXTRAVIADO  
100 |a González Meza, Rodrigo  
245 |a Micorriza  
250 |a 1  
260 |a San José:   |b MAG. Dirección General Forestal  
300 |a 2 p.  
999 |c 17060  |d 17060